000 00464nam a2200181Ia 4500
008 240925s9999 xx 000 0 und d
020 _a9789353062392
082 _a621.38456 GHO
100 _aGhosh, Arunabha
245 0 _aFundamentals of LTE
250 _aNA
260 _aNew Delhi:
_bPearson Printice Hall
_c,2018.
300 _a167p.
_b0
_fOriginal
500 _aIncludes Index
600 _aElectronic Engineering
650 _aTechnology
942 _cBK
999 _c17633
_d17633